| 000 | 00861cam a2200241 a 4500 | ||
|---|---|---|---|
| 001 | 888 | ||
| 003 | BR-CuiBMT | ||
| 005 | 20231122192534.0 | ||
| 008 | 230927s2007 mgba 000 0 por d | ||
| 020 | _a9788577000807 | ||
| 040 |
_aBR-CuiBMT _cBR-CuiBMT |
||
| 080 |
_22007 _a351.712 |
||
| 090 |
_a351.712 _bG393 _c2. ed. |
||
| 245 | 0 | 0 |
_aGestão de contratos de terceirização na administração pública : _bteoria e prática / _cAntonieta Pereira Vieira ... [et al.]. |
| 250 | _a2. ed., rev. e ampl. | ||
| 260 |
_aBelo Horizonte : _bFórum, _c2007. |
||
| 300 |
_a297 p. : _bil. ; _c22 cm |
||
| 504 | _aInclui bibliografia. | ||
| 650 |
_aServiços terceirizados _xAdministração pública _zBrasil |
||
| 650 |
_aAdministração pública _xGestão de contratos _xServiços terceirizados |
||
| 700 | 1 |
_aVieira, Antonieta Pereira _eet al. _eautores. |
|
| 942 |
_2udc _cLV |
||
| 999 |
_c888 _d888 |
||